00000000nam##2200000za#4500
0019.523484
003CaOODSP
00520200327031708
007ta
008150406|1994||||xxc|||||     f|0| 0 eng|d
020 |a0-660-58984-2
022 |a0706-148X
040 |aCaOODSP|beng
041 |aeng
041 |afre
043 |an-cn---
0861 |aS52-2/223-1994
1101 |aCanada.|bPublic Works and Government Services Canada. |bTranslation Services.
24510|aVocabulary of packaging / |cby Jean Le Page.
260 |aOttawa - Ontario : |bPublic Works and Government Services Canada. |c1994.
300 |axiv, 251p. ; |c22 cm.
4901 |aTerminology bulletin|x0706-148X|v223
5203 |aContains 900 terms from the field of packaging, including labelling, cartoning, case loading, and tamper-resistant packaging. Terminology Bulletin 223.
546 |aBilingual
563 |aSoftcover
590 |a94-09|b1994-03-04
69007|aTerminology|2gcpds
69007|aPackaging|2gcpds
7201 |aLe Page, Jean
7760#|tVocabulaire de l'emballage / |w(CaOODSP)9.590558
792 |tVocabulaire de l'emballage / |efre|w(CaOODSP)9.523485
830#0|aTerminology bulletin,|x0706-148X|v223|w(CaOODSP)9.509598